Steamboats on the Indus : (Record no. 90041)

MARC details
000 -LEADER
fixed length control field 00723nam a22002057a 4500
005 - DATE AND TIME OF LATEST TRANSACTION
control field 20141121110819.0
010 ## - LCCN (DPL NO)
LC control number ENG-111231
020 ## - INTERNATIONAL STANDARD BOOK NUMBER
International Standard Book Number 9780198092193
Terms of availability 2395.00
020 ## - INTERNATIONAL STANDARD BOOK NUMBER
International Standard Book Number 0198092199
Terms of availability 2395.00
035 ## - SYSTEM CONTROL NUMBER
System control number EN-94763
037 ## - SOURCE OF ACQUISITION
Source of stock number/acquisition DBAD/PUB
082 ## - DEWEY DECIMAL CLASSIFICATION NUMBER
Classification number 386.095409034
100 ## - MAIN ENTRY--PERSONAL NAME
Personal name Dewey, Clive
245 ## - TITLE STATEMENT
Title Steamboats on the Indus :
Statement of responsibility, etc by Clive Dewey
Remainder of title the limits of western technological superiority in South Asia /
260 ## - PUBLICATION, DISTRIBUTION, ETC. (IMPRINT)
Place of publication, distribution, etc New Delhi
Name of publisher, distributor, etc Oxford University Press
Date of publication, distribution, etc 2014
270 ## - ADDRESS
Address YMCA Library building, 1 Jai Singh Road
City New Delhi
Postal code 110001
300 ## - PHYSICAL DESCRIPTION
Extent xvii, 297p. :
Dimensions 28cm(Hb)
Other physical details ill.
500 ## - GENERAL NOTE
General note Includes bibliographical references and index
942 ## - ADDED ENTRY ELEMENTS (KOHA)
Source of classification or shelving scheme Dewey Decimal Classification
Item type English Books
Call number suffix DEW
Classification part 386.095409034
Holdings
Withdrawn status Lost status Not for loan Collection code Home library Current library Date acquired Source of acquisition Cost, normal purchase price Full call number Barcode Copy number Cost, replacement price Koha item type
    Not For Loan Non-fiction D.B.Act.Division D.B.Act.Division 14/11/2014 DBAD/PUB 2395.00 386.095409034 DEW EN-94763 1 2395.00 English Books

© Delhi Public Library
Hit Counter
free hit counter